[Event "Hoogovens"]
[Site "Wijk aan Zee 53"]
[Date "1991.01.??"]
[Round "12"]
[White "Olafsson, Helgi"]
[Black "Nunn, John"]
[Result "0-1"]
[WhiteElo "2590"]
[BlackElo "2600"]
[Annotator "JvR"]
[PlyCount "66"]
[EventDate "1991.??.??"]
[EventCountry "NED"]

1. d4 Nf6 2. c4 g6 3. Nf3 Bg7 4. g3 O-O 5. Bg2 d6 6. Nc3 Nbd7 7. O-O e5 8. e4
c6 9. b3 exd4 10. Nxd4 Re8 11. h3 Nc5 12. Re1 Qb6 13. Be3 a5 14. Rb1 Bd7 15.
Qc2 Rad8 16. Rbd1 Qc7 17. f4 Re7 18. Bf2 Rde8 19. Re2 Qc8 20. Kh2 h5 21. Bg1 h4
22. gxh4 Nh5 23. Rf1 Bf6 24. Rf3 Bxh4 25. a3 Bf6 26. Bf2 $2 {Helgi has missed
a combination.} ({Better is} 26. Kh1 {(Nunn).}) 26... Nxf4 $1 27. Nxc6 Bxc6 28.
Rxf4 Be5 29. Bg3 Ne6 30. Rh4 Bxg3+ 31. Kxg3 Nd4 32. Qd2 Nxe2+ 33. Nxe2 Qe6 {
Nunn took the lead because Piket lost. Eventually, John Nunn triumphed again.
His score became 81/2/13.} 0-1

[Event "Hoogovens"]
[Site "Wijk aan Zee 54"]
[Date "1992.??.??"]
[Round "1"]
[White "Gelfand, Boris"]
[Black "Romero Holmes, Alfonso"]
[Result "1-0"]
[WhiteElo "2665"]
[BlackElo "2490"]
[Annotator "JvR"]
[PlyCount "59"]
[EventDate "1992.??.??"]
[EventCountry "NED"]

{The solid players Gelfand and Salov fought for victory. Van Wely was a main
competitor at first.} 1. d4 Nf6 2. c4 g6 3. Nc3 Bg7 4. e4 d6 5. Nf3 O-O 6. Be2
Nbd7 7. O-O e5 8. Be3 c6 9. d5 c5 10. Ne1 Ne8 11. g4 f5 12. gxf5 gxf5 13. exf5
Nb6 14. Kh1 $5 (14. Bd3 {stems from Gruenberg - Knaak, Bad Lauterberg 1991.})
14... Bxf5 15. Rg1 Nf6 16. Nf3 Ng4 $6 ({More solid is} 16... Ne4 17. Nxe4 Bxe4
{(Gelfand).}) 17. Ng5 $1 Nxe3 18. fxe3 e4 $2 {Square e4 will become strong for
White after the following exchanges.} 19. Ne6 $1 Bxe6 20. dxe6 Qe7 21. Nxe4
Qxe6 22. Bd3 Kh8 23. Rg3 $1 {The white attack becomes threatening.} Nd7 (23...
Bxb2 24. Ng5 Qe8 25. Rh3 $1 {and}) (23... Be5 24. Ng5 Qh6 25. Rh3 $1 {also win
for White.}) 24. Ng5 Qh6 25. Nxh7 Rf2 26. Qg1 Ne5 27. Be4 Raf8 ({Or} 27... Rxb2
28. Ng5 {(Gelfand).}) 28. Nxf8 Rxf8 29. Qg2 Bf6 30. Rg1 1-0

[Event "Hoogovens"]
[Site "Wijk aan Zee 54"]
[Date "1992.??.??"]
[Round "2"]
[White "Van Wely, Loek"]
[Black "Nunn, John"]
[Result "1-0"]
[WhiteElo "2560"]
[BlackElo "2615"]
[Annotator "JvR"]
[PlyCount "71"]
[EventDate "1992.??.??"]
[EventCountry "NED"]

1. d4 Nf6 2. c4 g6 3. Nc3 Bg7 4. e4 d6 5. Nf3 O-O 6. Be2 e5 7. O-O Nc6 8. d5
Ne7 9. b4 Nh5 10. g3 f5 11. Ng5 Nf6 12. f3 f4 13. Kg2 Kh8 14. c5 $5 {Loek
plays the standard attack as novelty.} h6 15. cxd6 $5 Qxd6 16. Nb5 Qb6 17. a4
$1 {White threatens a5.} Nfxd5 $6 ({An option brings} 17... c6 $1 18. d6 $1 {
(Van Wely)} cxb5 19. dxe7 Re8 20. Nf7+ Kh7) 18. exd5 hxg5 19. a5 Qf6 20. Nxc7
Rb8 21. g4 Bd7 $6 22. b5 Rfc8 $6 {Nunn's defence is breaking down.} ({The last
chance gives} 22... e4 $1 23. Ra4 $1 e3 24. Ba3 Rfd8) 23. d6 Ng8 24. Ra2 Nh6
25. Rd2 Nf7 26. Bc4 e4 27. fxe4 Ne5 28. Be2 Rf8 29. Bb2 Qf7 30. Rd5 f3+ 31.
Bxf3 Nc4 32. Bxg7+ Qxg7 33. Qc1 Bxg4 34. Bxg4 Rxf1 35. Kxf1 Rf8+ 36. Ke1 {The
nineteen-years-old Van Wely had made great progress.} 1-0

[Event "Hoogovens"]
[Site "Wijk aan Zee 54"]
[Date "1992.??.??"]
[Round "6"]
[White "Van der Wiel, John"]
[Black "Romero Holmes, Alfonso"]
[Result "1-0"]
[WhiteElo "2540"]
[BlackElo "2490"]
[Annotator "JvR"]
[PlyCount "53"]
[EventDate "1992.??.??"]
[EventCountry "NED"]

1. e4 e6 2. d4 d5 3. Nc3 Bb4 4. e5 c5 5. a3 Bxc3+ 6. bxc3 Qc7 7. Nf3 Ne7 8. a4
b6 9. Bb5+ Bd7 10. Bd3 Nbc6 11. O-O h6 12. Re1 O-O 13. Bf4 Ng6 14. Bg3 cxd4 15.
Nxd4 Na5 16. Qg4 $1 (16. Re3 $6 Nc4 17. Bxc4 Qxc4 {was played in Nunn -
Nikolic, Amsterdam 1988.}) 16... Qxc3 17. Ne2 $1 Qc8 $2 ({Black should play} 
17... Qc7 $1 18. f4 $5 (18. Nf4 $2 {is prevented by} Nxe5)) 18. Nf4 $1 {The
game is over.} Nc6 ({The pointe is} 18... Nxf4 19. Bxf4 Kh8 20. Bxh6 $1 gxh6
21. Qf4 {(Van der Wiel).}) 19. Nxg6 fxg6 20. Qxg6 {White has a winning attack
at no material cost.} Ne7 21. Qh7+ Kf7 22. Be2 $1 Rg8 ({Or} 22... Nf5 23. Bh5+
Ke7 24. Bh4+ $1 Nxh4 25. Qxg7+ {(Van der Wiel).}) 23. Bh5+ Kf8 24. Ra3 $1 Nf5
25. Rf3 Bxa4 26. Rxf5+ $1 exf5 27. Qg6 ({John mates by} 27. Qg6 Qd7 28. e6 Qe7
29. Qxf5+ Qf6 30. Bd6#) 1-0

[Event "Hoogovens"]
[Site "Wijk aan Zee 54"]
[Date "1992.??.??"]
[Round "7"]
[White "Gelfand, Boris"]
[Black "Brenninkmeijer, Joris"]
[Result "1-0"]
[WhiteElo "2665"]
[BlackElo "2500"]
[Annotator "JvR"]
[PlyCount "113"]
[EventDate "1992.??.??"]
[EventCountry "NED"]

1. Nf3 d5 2. c4 c6 3. e3 Nf6 4. Nc3 e6 5. d4 Nbd7 6. Bd3 dxc4 7. Bxc4 b5 8. Bd3
Bb7 9. a3 b4 10. Ne4 bxa3 $5 11. bxa3 Be7 $6 ({Better is} 11... c5 $1 12. Nxf6+
Qxf6 $5) 12. Nxf6+ Nxf6 13. O-O O-O 14. Rb1 $1 {White has kept a plus from the
opening.} Qc7 15. e4 c5 16. Bf4 $1 Qc8 $1 ({A positional accommodation makes} 
16... Qxf4 $6 17. Rxb7) 17. Qe2 c4 $1 18. Bc2 $1 g6 $6 ({Not} 18... Bxa3 $2 19.
e5 Nd5 20. Bxh7+ $1 Kxh7 21. Ng5+ Kh6 22. Qe4 Nxf4 23. Qxf4 {(Gelfand)} Kh5 24.
h3 f5 25. Nxe6 $1 {White wins.}) ({Best is} 18... Ba6 $1) 19. Ne5 Bxa3 20. Bg5
Nd7 21. Nxc4 Ba6 22. Bd3 Bxc4 23. Bxc4 Nb6 24. Ba6 Qd7 25. Rfd1 f6 26. Bh6 Rf7
27. d5 $6 {This advance should be postponed.} exd5 28. exd5 Bd6 $1 {The passed
pawn is blockaded.} 29. Bb5 Qe7 30. Qf3 f5 31. Bf4 Rd8 32. Re1 Qf8 33. Be3 Bc5
34. Bg5 Be7 35. Bf4 Bd6 36. Bc1 $5 Nd7 37. Bb2 Qh6 38. g3 Qd2 39. Bc3 Qg5 40.
Re6 Nc5 41. Ba1 Ne4 (41... Nxe6 $6 42. dxe6 Rg7 {(Gelfand)} 43. Bc4 $1 Kf8 44.
Bxg7+ Kxg7 45. Rb7+ Kh6 46. Qc3 {and White attacks strongly.}) 42. Rd1 {White
has no immediate win.} Qh5 $2 ({The wishful} 42... a5 43. Rxe4 $2 fxe4 44. Qc3
{(Gelfand) is refuted by} Kf8 $1) 43. Qxh5 gxh5 44. Kg2 Bf8 45. Bc4 Nd6 46. Be2
h4 47. Bf6 Rc8 48. Bxh4 Rc2 49. Bd3 Rc5 50. Bb1 Rd7 51. Bg5 Nf7 52. Be3 Rcxd5
53. Rxd5 Rxd5 54. Ra6 $1 Rb5 55. Ba2 Rb7 56. Bxa7 Bg7 57. Be3 1-0

[Event "Hoogovens"]
[Site "Wijk aan Zee 54"]
[Date "1992.??.??"]
[Round "9"]
[White "Romero Holmes, Alfonso"]
[Black "Salov, Valery"]
[Result "0-1"]
[WhiteElo "2490"]
[BlackElo "2655"]
[Annotator "JvR"]
[PlyCount "76"]
[EventDate "1992.??.??"]
[EventCountry "NED"]

1. e4 c5 2. Nf3 Nc6 3. Nc3 e6 4. d4 cxd4 5. Nxd4 Nf6 6. Ndb5 d6 7. Bf4 e5 8.
Bg5 a6 9. Na3 b5 10. Bxf6 gxf6 11. Nd5 f5 12. g3 fxe4 13. Bg2 Be6 14. Bxe4 Bg7
15. Qh5 Rc8 16. c3 Ne7 17. Rd1 Rc5 18. Nb4 Qb6 19. Qg5 Kf8 20. Qe3 h5 $5 ({
Theory is} 20... f5 21. Bg2 e4 {(Feher - Zila, Budapest 1990).}) 21. Nd3 $1 {
Romero Holmes notices the trap.} ({The point is} 21. Nxa6 $2 Bh6 $1 (21... Qxa6
$4 22. Qxc5 dxc5 23. Rd8#) 22. Rxd6 Qxd6 23. Qxc5 Qd2+ 24. Kf1 Bh3+ 25. Bg2
Qd1#) 21... Rc6 $2 {Salov gives an exchange.} ({Nothing costs} 21... Bh6 $1 22.
f4 {(Zapata - Echavarria, Pensilvania 1998)} Rc6 $1) 22. Bxc6 Qxc6 23. f3 Bh6
24. Qf2 a5 25. O-O h4 26. g4 Nd5 $5 27. Nc2 h3 28. Nc1 $6 (28. Qe2 {plays for
a win (Romero Holmes).}) 28... Bg5 $1 29. Ne2 $2 ({Better is} 29. Nd3 $1) 29...
Bd8 $1 30. Kh1 Bb6 $1 31. Qg3 b4 32. Ncd4 $6 (32. Rd2 {defends properly.})
32... exd4 33. Nxd4 Bxd4 34. Rxd4 ({Or} 34. cxd4 Ne3 35. Rc1 Nxf1 {(Salov).})
34... bxc3 35. bxc3 Ke7 36. g5 $2 {White lifts the control over f5.} Ne3 37.
Rf2 Nf5 38. Qf4 Rh4 0-1

[Event "Hoogovens"]
[Site "Wijk aan Zee 54"]
[Date "1992.??.??"]
[Round "10"]
[White "Epishin, Vladimir"]
[Black "Kortschnoj, Viktor"]
[Result "0-1"]
[WhiteElo "2620"]
[BlackElo "2585"]
[Annotator "JvR"]
[PlyCount "92"]
[EventDate "1992.??.??"]
[EventCountry "NED"]

1. d4 Nf6 2. c4 e6 3. Nf3 b6 4. g3 Ba6 5. b3 Bb7 6. Bg2 Bb4+ 7. Bd2 a5 8. O-O
O-O 9. Nc3 d5 10. Ne5 Nbd7 11. Nd3 Qe7 $5 (11... Be7 {was played in Epishin -
Hübner, round seven.}) 12. Na4 Bxd2 13. Qxd2 Rad8 14. c5 b5 15. Nab2 Ra8 16.
Qf4 Nb8 17. Ne5 Ra6 18. Rfe1 (18. a4 $1 b4 19. Rac1 {keeps a plus.}) 18... Ne4
19. Ned3 f6 20. e3 Re8 21. a3 e5 22. Qg4 Re6 23. Qd1 $2 {White choses for a
passive defence.} (23. Qh5 Qf7 24. Qxf7+ Kxf7 25. b4 {steers towards a draw.})
23... Qf7 24. Rc1 exd4 25. exd4 Nc6 $1 26. Nf4 R6e7 27. Qd3 $2 {Epishin fails
in the defence.} (27. f3 $1 Ng5 28. Rxe7 Qxe7 29. Nxd5 Qe2 {creates new
chances.}) 27... g5 $1 28. Qxb5 $2 (28. Ne2 b4 29. axb4 Nxb4 30. Qb5 Nxf2 $1
31. Qxb7 Rxe2 32. Rxe2 Rxe2 {brings less black advantage.}) 28... gxf4 29. Qxb7
Nxd4 30. Nd3 c6 31. Qb6 f3 32. Bf1 Rb7 33. Qa6 Reb8 34. Rxe4 $2 dxe4 35. Nf4
Ra7 36. Qc4 Qxc4 37. Bxc4+ Kh8 38. Rd1 Ne2+ $2 39. Nxe2 fxe2 40. Re1 Rd7 41.
Rxe2 Rd4 42. Kg2 a4 43. Re3 axb3 44. Bxb3 Rd3 45. Bc2 $2 Rxe3 46. fxe3 Rb2 0-1

[Event "Hoogovens"]
[Site "Wijk aan Zee 54"]
[Date "1992.??.??"]
[Round "12"]
[White "Van der Wiel, John"]
[Black "Nunn, John"]
[Result "0-1"]
[WhiteElo "2540"]
[BlackElo "2615"]
[Annotator "JvR"]
[PlyCount "84"]
[EventDate "1992.??.??"]
[EventCountry "NED"]

1. e4 c5 2. Nf3 Nc6 3. d4 cxd4 4. Nxd4 Nf6 5. Nc3 e5 6. Ndb5 d6 7. Bg5 a6 8.
Na3 b5 9. Bxf6 gxf6 10. Nd5 Bg7 11. Bd3 Ne7 12. Nxe7 Qxe7 13. c4 f5 14. O-O O-O
15. exf5 $6 e4 $1 16. f6 $1 (16. Re1 $2 Bxf5 {lost in Grabics - Ghinda,
Budapest 1991.}) 16... Bxf6 17. Re1 $1 d5 $1 ({Not} 17... Bxb2 $2 18. Bxe4 $1)
18. cxd5 Bxb2 $1 19. Bxe4 $2 {Van der Wiel misses the escape.} ({Right is} 19.
d6 $1 Qxd6 20. Bxe4 Qxd1 21. Raxd1 Rb8 22. Nc2 {and White survives (Nunn).})
19... Qxa3 20. Re3 ({Or} 20. d6 Ra7 21. Qh5 f5 $1 {(Nunn).}) 20... Qd6 21.
Bxh7+ $1 Kxh7 22. Qc2+ Qg6 23. Qxb2 Rg8 24. Rg3 Qe4 $1 25. Qf6 $5 {White gives
a pawn for the initiative.} Rxg3 26. hxg3 Qxd5 27. Re1 Bf5 28. Re5 $5 Qd1+ 29.
Kh2 Bg6 30. Re4 $5 Bxe4 31. Qxf7+ Kh6 32. Qf4+ Kg7 $1 33. Qe5+ Kf7 34. Qf4+ Kg8
$1 35. Qg5+ Kh7 36. Qh4+ Kg7 37. Qe7+ Kh6 $1 38. Qxe4 ({The pointe is} 38. Qf6+
Bg6 39. Qf4+ Kh7 40. Qc7+ Kg8 {and no perpetual check.}) 38... Qh5+ 39. Kg1 Re8
40. Qf4+ Kh7 41. f3 Qc5+ 42. Kh2 Kg6 {Nunn scored poorly in this event, but he
won one fine game.} 0-1

[Event "Hoogovens"]
[Site "Wijk aan Zee 54"]
[Date "1992.??.??"]
[Round "13"]
[White "Salov, Valery"]
[Black "Seirawan, Yasser"]
[Result "1-0"]
[WhiteElo "2655"]
[BlackElo "2600"]
[Annotator "JvR"]
[PlyCount "71"]
[EventDate "1992.??.??"]
[EventCountry "NED"]

1. d4 d5 2. Nf3 c5 3. c4 dxc4 4. d5 e6 5. Nc3 exd5 6. Qxd5 Qxd5 7. Nxd5 Bd6 8.
Nd2 Ne7 9. Nxc4 Nxd5 10. Nxd6+ Ke7 11. Nxc8+ Rxc8 12. g3 Nb4 13. Bh3 Rd8 14.
O-O N8c6 15. Bg5+ f6 16. Be3 b6 17. Rfc1 Nd4 $6 (17... a5 {stems from
Khalifman-Seirawan, Reykjavik 1991.}) 18. Bxd4 Rxd4 19. a3 Na6 20. b4 Rd6 $1
21. Bf5 $6 (21. Bg2 $1 Rb8 22. Be4 $1 {gains an advantage (Salov).}) 21... cxb4
22. axb4 (22. Be4 b3 $1 {draws.}) 22... Nxb4 23. Rc7+ Kf8 24. Be4 Re8 25. Raxa7
$5 Rxe4 26. Rf7+ Kg8 27. Rxg7+ Kh8 28. Rxh7+ Kg8 29. Rhg7+ Kh8 30. Rh7+ Kg8 31.
Rag7+ Kf8 32. Rb7 Kg8 33. Rhg7+ Kh8 34. Rgc7 Rg4 $2 (34... Re8 35. h4 Nd5 36.
Rh7+ Kg8 37. h5 f5 $1 38. Rbg7+ Kf8 {draws (Salov).}) 35. Rc8+ $1 Rg8 36. Rc4
$1 {Salov wins the knight. He caught up with Gelfand. They won by 81/2/13, one
point before Hübner and Kortschnoj.} 1-0

[Event "Hoogovens"]
[Site "Wijk aan Zee 55"]
[Date "1993.??.??"]
[Round "3.1"]
[White "Karpov, Anatoly"]
[Black "Nunn, John"]
[Result "1-0"]
[WhiteElo "2725"]
[BlackElo "2580"]
[Annotator "JvR"]
[PlyCount "87"]
[EventDate "1993.??.??"]
[EventCountry "NED"]

{An effort was made to figure out a more attractive sponsor event for the
declining steel industry. Sixteen players started in round one. Then eight
winners of short matches performed against eight stars. Van Wely, Van der Wiel,
Van der Sterren and Nijboer lost in round one. Piket fell in the second round.
So all Dutchmen had to perform in the minor tournament.   Karpov blundered a
piece in round two but outlived and met Nunn in round three.} 1. d4 Nf6 2. c4
g6 3. Nc3 Bg7 4. e4 d6 5. f3 O-O 6. Be3 Nbd7 7. Qd2 c5 8. d5 Ne5 9. Bg5 a6 10.
f4 Ned7 11. Nf3 b5 12. cxb5 Qa5 $5 ({Nunn played} 12... axb5 13. Bxb5 {against
Timman in Wijk aan Zee 1985.}) 13. e5 $1 dxe5 14. fxe5 Ng4 15. Bxe7 $1 Re8 16.
d6 Bh6 $2 {Calculations are difficult to make.} 17. Ng5 $2 ({They had rejected
} 17. Qd5 $1 Qb4 $5 {But} 18. Bc4 $1 Ndxe5 19. Nxe5 Nxe5 20. O-O $1 Be6 21.
Qxe5 Qxc4 22. Ne4 {benefits White.}) 17... Ngxe5 18. Be2 axb5 19. O-O c4 20.
Bf3 Nxf3+ 21. Rxf3 Ne5 22. Re3 Nd3 23. Rf1 Be6 24. h4 Bf8 25. Nxe6 fxe6 26.
Rxe6 b4 27. Nd1 Bxe7 28. Qe3 Qc5 29. dxe7 Rxa2 30. Kh1 Ra7 $5 (30... Qxe3 31.
Nxe3 Ra7 {equalises.}) 31. Rxg6+ $1 hxg6 32. Qe6+ Kg7 33. Qf7+ Kh6 34. Qxe8
Qxe7 $2 ({Preferable is} 34... Rxe7) 35. Qh8+ Qh7 36. Qd4 Qe7 37. Ne3 Ne5 $2
38. Qxe5 $1 Qxh4+ 39. Kg1 Re7 40. Qh8+ Rh7 41. Qf8+ Rg7 42. Qh8+ Rh7 43. Qf8+
Rg7 44. Rf3 {Karpov drew the second game and had won the mini-match.} 1-0

[Event "Hoogovens"]
[Site "Wijk aan Zee 55"]
[Date "1993.??.??"]
[Round "4.1"]
[White "Illescas Cordoba, Miguel"]
[Black "Aronian, Levon"]
[Result "1-0"]
[WhiteElo "2615"]
[BlackElo "2585"]
[Annotator "JvR"]
[PlyCount "77"]
[EventDate "1993.??.??"]
[EventCountry "NED"]

1. c4 e6 2. Nc3 Bb4 3. Qb3 Ba5 4. d4 $5 (4. g3 {was played in Miles - Oll,
Sydney Cepacol 1991.}) 4... b6 5. Nf3 c5 $6 6. dxc5 bxc5 7. Bf4 $1 Nc6 8. O-O-O
$1 Nge7 9. Bd6 {White has conquered square d6.} O-O 10. e3 $1 Bb4 11. Nb5 Qb6
12. a3 Ba5 13. Qc2 a6 14. Nc3 Bxc3 15. Qxc3 Re8 16. Bd3 Bb7 17. Bc2 Nf5 18. Bf4
Rad8 19. Bxf5 exf5 20. Nh4 {Illescas has the initiative.} Ne7 $1 21. Bd6 g6 22.
Be5 d5 $1 23. Bh8 $1 {White threatens mate in one. Black reacts inadequately.}
d4 $2 ({Right is} 23... f6 $1 24. Qxf6 Qxf6 25. Bxf6 Kf7 26. Bxe7 Rxe7 27. cxd5
Bxd5 {and Black counters.}) 24. exd4 g5 25. dxc5 Qh6 26. Qf6 Qxf6 27. Bxf6 gxh4
28. Rxd8 Rxd8 29. Re1 $1 Be4 30. f3 Bc6 31. Rxe7 Ba4 32. b3 $1 Bxb3 33. c6 Rc8
34. c7 Ba4 35. Kb2 h6 36. Kc3 Kh7 37. Kb4 Kg6 38. Be5 Be8 39. Ka5 {Oll lost
the second game by a blunder. So Illescas qualified for the final.} 1-0

[Event "Hoogovens"]
[Site "Wijk aan Zee 55"]
[Date "1993.??.??"]
[Round "4.2"]
[White "Karpov, Anatoly"]
[Black "Salov, Valery"]
[Result "1-0"]
[WhiteElo "2725"]
[BlackElo "2660"]
[Annotator "JvR"]
[PlyCount "113"]
[EventDate "1993.??.??"]
[EventCountry "NED"]

{The first game between Salov and Karpov ended in a lengthy draw.} 1. d4 d5 2.
c4 c6 3. Nc3 dxc4 4. e4 e5 5. dxe5 Qxd1+ 6. Kxd1 b5 $5 7. Be3 Nd7 8. f4 Bc5 9.
Ke2 $5 a5 10. Nf3 Ne7 {Both players like the middle game without queens.} 11.
f5 Bb6 $5 12. Bxb6 Nxb6 13. Ke3 f6 $1 14. exf6 gxf6 15. g4 b4 $1 16. Nd1 h5 $6
17. Rg1 $6 ({A plus brings} 17. g5 $1 {(Karpov).}) 17... hxg4 18. Rxg4 Kf7 $5
19. Kf4 Ba6 20. Ne3 a4 $1 21. a3 $1 c3 $5 {Black gives a pawn in order to
create a protected passed pawn.} 22. bxc3 Bxf1 23. Rxf1 b3 $1 24. Rfg1 Rag8 25.
Rxg8 Rxg8 26. Rd1 $1 Rb8 27. Ne1 Rh8 28. Kg3 Rg8+ 29. Kf2 Rh8 30. Nf3 Rb8 31.
h4 b2 $2 {Salov spoils his game in time troubles.} 32. Rb1 $1 Nd7 33. Nc4 $1
Nc5 34. Ke3 $1 Rd8 35. Nd4 Rh8 36. Nd6+ $5 Kg8 37. Rxb2 Rxh4 38. Rb8+ Kh7 39.
Re8 Ng8 40. Ne6 Nd7 41. Kd4 Rh1 42. Nc4 Rd1+ 43. Ke3 Re1+ 44. Kd3 Rd1+ 45. Ke2
Rc1 46. Kd2 Rg1 47. Ra8 Ne5 48. Nxe5 fxe5 49. Rxa4 Nf6 50. Nc5 Rg2+ 51. Kd3
Rg3+ 52. Kc2 Ng4 53. Ra7+ Kg8 54. Rd7 Ne3+ 55. Kb3 Rg1 56. a4 Rb1+ 57. Ka2 {
Karpov had won the mini-match.} 1-0

[Event "Hoogovens"]
[Site "Wijk aan Zee 55"]
[Date "1993.??.??"]
[Round "5.1"]
[White "Illescas Cordoba, Miguel"]
[Black "Karpov, Anatoly"]
[Result "1/2-1/2"]
[WhiteElo "2615"]
[BlackElo "2725"]
[Annotator "JvR"]
[PlyCount "81"]
[EventDate "1993.??.??"]
[EventCountry "NED"]

{The best of four games had to be scored in the final.} 1. Nf3 Nf6 2. c4 e6 3.
Nc3 Bb4 4. Qc2 O-O 5. a3 Bxc3 6. Qxc3 d6 7. b4 b6 8. Bb2 Bb7 9. g3 c5 10. Bg2
Nbd7 11. O-O Qc7 $5 ({Tolya played} 11... Rc8 {in Kasparov - Karpov, Lyon 1990.
}) 12. d3 Rfc8 13. Rfc1 e5 14. Bh3 $1 {White controls more territory but can
do little with it.} Re8 15. e4 Nf8 16. Nh4 Ne6 17. Qd2 Qd8 18. Bxe6 fxe6 19.
Rab1 Bc6 20. Qe2 Qe7 21. Ng2 Qf7 22. Bc3 Qh5 23. Qxh5 Nxh5 24. Ne3 Rf8 25. Rb2
Nf6 26. bxc5 bxc5 27. Ba5 Kf7 28. Rcb1 Ke7 29. h4 Nd7 30. Kg2 Rab8 31. Rxb8
Rxb8 32. Rxb8 Nxb8 33. f4 Ba4 34. Bc3 Nc6 35. Kf2 Nd4 36. Ba5 exf4 37. gxf4 Nc2
38. Nxc2 Bxc2 39. Ke3 g6 40. d4 cxd4+ 41. Kxd4 1/2-1/2

[Event "Hoogovens"]
[Site "Wijk aan Zee 55"]
[Date "1993.??.??"]
[Round "5.2"]
[White "Karpov, Anatoly"]
[Black "Illescas Cordoba, Miguel"]
[Result "1-0"]
[WhiteElo "2725"]
[BlackElo "2615"]
[Annotator "JvR"]
[PlyCount "121"]
[EventDate "1993.??.??"]
[EventCountry "NED"]

1. d4 d5 2. c4 c6 3. Nf3 Nf6 4. Nc3 e6 5. e3 Nbd7 6. Qc2 Bd6 7. Be2 O-O 8. O-O
Re8 9. Rd1 Qe7 10. h3 h6 11. a3 a6 $5 {The novelty shows no ambition.} 12. b3
dxc4 13. bxc4 e5 $1 14. Nh4 Nf8 15. Nf5 Bxf5 16. Qxf5 exd4 17. exd4 c5 18. Be3
cxd4 $6 ({Better is} 18... Ne6 {(Karpov).}) 19. Bxd4 Be5 20. Bxe5 Qxe5 21. Qxe5
Rxe5 22. Rab1 $1 {He attacks the weakness.} Rb8 23. Bf3 Rc5 $2 {Illescas
blunders a pawn.} (23... b6 $1 {(Karpov)} 24. Nd5 N6d7 {guards the weakling.})
24. Bxb7 $1 Ne6 ({The pointe is} 24... Rxc4 25. Bxa6 Rxb1 26. Bxc4 {(Karpov).})
25. Nd5 $1 a5 ({Not} 25... Rxc4 26. Bxa6 Rxb1 27. Rxb1 Ra4 $2 28. Rb8+ Kh7 29.
Bd3+ {(Karpov).}) 26. Ne3 g6 27. g3 Rc7 28. Bg2 Rxb1 29. Rxb1 Nd4 30. Rb6 Nd7
31. Rd6 Ne2+ 32. Kf1 Nc3 33. Ra6 a4 34. Bc6 Ne5 35. Nd5 Rxc6 $5 ({Or} 35...
Nxd5 36. cxd5 Nxc6 37. dxc6 Kf8 38. Ke2 Ke7 39. Kd3 Kd6 40. Kc4) 36. Ne7+ Kg7
37. Nxc6 Nxc4 38. Ra7 Nxa3 39. Nd4 Kf6 40. f4 h5 41. Kf2 Nc4 42. Rc7 Nd2 43.
Kg2 Nd5 44. Ra7 Nc3 45. Ra6+ Kg7 46. Nf3 Nc4 47. Ne5 Ne3+ 48. Kf3 Nc2 49. Nc4
Kf8 50. Ra7 Kg7 51. Ra6 Kf8 52. g4 hxg4+ 53. Kxg4 Kg7 54. f5 Kh6 $6 55. f6 $1
Nb4 56. Ra8 Kh7 57. Rf8 Nbd5 58. Rxf7+ Kh6 59. Rf8 Kh7 60. Rf7+ Kg8 61. Ne5 1-0

[Event "Hoogovens"]
[Site "Wijk aan Zee 55"]
[Date "1993.??.??"]
[Round "5.3"]
[White "Illescas Cordoba, Miguel"]
[Black "Karpov, Anatoly"]
[Result "1/2-1/2"]
[WhiteElo "2615"]
[BlackElo "2715"]
[Annotator "JvR"]
[PlyCount "91"]
[EventDate "1993.??.??"]
[EventCountry "NED"]

1. c4 Nf6 2. Nf3 e6 3. Nc3 Bb4 4. Qc2 O-O 5. a3 Bxc3 6. Qxc3 b6 7. b4 Bb7 8.
Bb2 Qe7 9. g3 $5 c5 10. Bg2 Nc6 11. bxc5 bxc5 12. O-O {Illescas has gained no
advantage in the opening again.} Rab8 13. Rab1 Ba8 14. Ba1 d6 15. e3 Rfc8 16.
Qc2 Nd7 17. d3 Nd8 18. Qc3 f6 19. Qc2 Bc6 20. Nd2 Bxg2 21. Kxg2 Nb6 22. Rb5 Qc7
23. Rfb1 a6 24. R5b3 Qc6+ 25. Kg1 Nd7 26. Ne4 Nf7 27. f4 Kf8 28. Nd2 Rxb3 29.
Rxb3 Rb8 30. Bc3 Rxb3 31. Qxb3 Nd8 32. e4 e5 {Karpov closes the position.} 33.
Qd1 g6 34. Kf2 Kg7 35. Nf1 Ne6 36. Qg4 Ndf8 37. Ne3 $5 h5 38. Qd1 exf4 39. Nd5
fxg3+ 40. hxg3 Nd7 41. g4 $1 h4 42. Qf3 Nd4 43. Bxd4 cxd4 44. Qf4 $1 Qa4 $5 45.
Qxd6 Qc2+ 46. Ke1 $1 {Black delivers perpetual check.   Karpov leads by 2-1.
Illescas has a final chance.} 1/2-1/2